The Constitution of Zambia (Record no. 3477)

MARC details
000 -LEADER
fixed length control field 00780cam a22002894a 4500
001 - CONTROL NUMBER
control field 14399378
003 - CONTROL NUMBER IDENTIFIER
control field OSt
005 - DATE AND TIME OF LATEST TRANSACTION
control field 20230703155546.0
008 - FIXED-LENGTH DATA ELEMENTS--GENERAL INFORMATION
fixed length control field 060605s1991 za f000 0 eng
010 ## - LIBRARY OF CONGRESS CONTROL NUMBER
LC control number 2006306081
040 ## - CATALOGING SOURCE
Original cataloging agency DLC
Transcribing agency DLC
042 ## - AUTHENTICATION CODE
Authentication code lcode
043 ## - GEOGRAPHIC AREA CODE
Geographic area code f-za---
082 ## - DEWEY DECIMAL CLASSIFICATION NUMBER
Classification number 342.689
Item number ZAM
110 1# - MAIN ENTRY--CORPORATE NAME
Corporate name or jurisdiction name as entry element Zambia.
240 10 - UNIFORM TITLE
Uniform title The Constitution of Zambia
245 14 - TITLE STATEMENT
Title The Constitution of Zambia
260 ## - PUBLICATION, DISTRIBUTION, ETC. (IMPRINT)
Place of publication, distribution, etc. [Lusaka :
Name of publisher, distributor, etc. National Assembly
Date of publication, distribution, etc. 1996
300 ## - PHYSICAL DESCRIPTION
Extent 91 leaves ;
Dimensions 28 cm.
500 ## - GENERAL NOTE
General note "N.A.B. 1, 1991."
500 ## - GENERAL NOTE
General note "7th June, 1991."
650 #0 - SUBJECT ADDED ENTRY--TOPICAL TERM
Topical term or geographic name as entry element Constitutional law
Geographic subdivision Zambia.
650 #0 - SUBJECT ADDED ENTRY--TOPICAL TERM
Topical term or geographic name as entry element Constitutional history
Geographic subdivision Zambia
Form subdivision Sources.
906 ## - LOCAL DATA ELEMENT F, LDF (RLIN)
a 7
b cbc
c origode
d 3
e ncip
f 20
g y-gencatlg
942 ## - ADDED ENTRY ELEMENTS (KOHA)
Source of classification or shelving scheme Dewey Decimal Classification
Koha item type Books
Holdings
Withdrawn status Lost status Source of classification or shelving scheme Damaged status Not for loan Home library Current library Date acquired Total Checkouts Full call number Barcode Date last seen Price effective from Koha item type
    Dewey Decimal Classification     County Hall Archives County Hall Archives 07/03/2023   342.689 ZAM 10011530 07/03/2023 07/03/2023 Books
LIBRARY OPENING HOURS

When the Parliament is sitting: 8.00a.m - 7.00p.m or until the house adjourns
Mondays and Fridays and when the House is on Recess:  8.00a.m - 5.00p.m
Closed on Weekends and Public Holidays

Online Public Access Catalog (OPAC)
Website: http://www.parliament.go.ke
Bunge Library: https://libraryir.parliament.go.ke
Contact: library@parliament.go.ke | Tel no: (254-2)2221291 or 2848000 Ext 5043